000 00888nam a2200277Ia 4500
001 Z_4639
003 CHAP
008 220113s2=00 xx 000 0 und d
010 _a167714
040 _cCHAP
090 _aTesis C 1661
100 _aChan Collí, Milton Pascual
_921807
245 _aConducta de corderos en finalización alimentados con tres frecuencias de alimentación y tres niveles de energía /
_cpor Milton Pascual Chan Collí y Noé Galindo Dorantes
260 _aChapingo, Méx. :
_bEl autor,
_c2002
300 _a91 h.
502 _aTesis (Ing. Agr. Esp. en Zootecnia) -- UACH. Departamento de Zootecnia
650 _aGanado lanar
_xAlimentación
_945153
650 _aGanado lanar
_xCría de
_945167
700 _aGalindo Dorantes, Noé
_944289
901 _aTESIS C 1661
902 _aM
910 _a2=00
942 _c2
942 _c2
999 _c167714
_d167714